000 00212nam a22001097a 4500
999 _c64930
_d64927
082 _a297.49.22
100 _aنقوش
245 _aرسول نمبر ۶
260 _aلاہور
300 _a۷۹۶
942 _cBK